000 00637nam a2200229Ia 4500
003 OSt
005 20221007062317.0
006 a|||||r|||| 00| 0
007 ta
008 221006b |||||||| |||| 00| 0 eng d
024 _a24,412
037 _cTextual
040 _aFLL
_cFLL
_beng
041 _2eng
_aeng
082 _aZ2:504, K5
100 _aGupta Ram Lal
_9682571
245 0 _aLaw of abetment, criminal conspiracy and constructive liability
260 _aAllahabad
_bLaw Book Co. India
_c1965
300 _axxix,1-476p
_ccm.
942 _hZ2:504, K5
_cTEXL
_2CC
999 _c1128266
_d1128266